Freeing the Faith (Record no. 119805)
[ view plain ]
| 000 -LEADER | |
|---|---|
| fixed length control field | 00422nam a22001457a 4500 |
| 008 - FIXED-LENGTH DATA ELEMENTS--GENERAL INFORMATION | |
| fixed length control field | 140130b xxu||||| |||| 00| 0 eng d |
| 020 ## - INTERNATIONAL STANDARD BOOK NUMBER | |
| International Standard Book Number | 0-281-04580-1 |
| 050 ## - LIBRARY OF CONGRESS CALL NUMBER | |
| Classification number | BT1102.D269 1992 |
| 100 ## - MAIN ENTRY--PERSONAL NAME | |
| Personal name | Dawes, Hugh |
| 9 (RLIN) | 7443 |
| 245 ## - TITLE STATEMENT | |
| Title | Freeing the Faith |
| Remainder of title | a credible Christianity for today |
| Statement of responsibility, etc | Hugh Dawes |
| 260 ## - PUBLICATION, DISTRIBUTION, ETC. (IMPRINT) | |
| Place of publication, distribution, etc | London |
| Name of publisher, distributor, etc | SPCK |
| Date of publication, distribution, etc | 1992 |
| 300 ## - PHYSICAL DESCRIPTION | |
| Extent | x, 129p. ; |
| Dimensions | 22cm. |
| 650 ## - SUBJECT ADDED ENTRY--TOPICAL TERM | |
| Topical term or geographic name as entry element | Apologetics |
| 9 (RLIN) | 7444 |
| 942 ## - ADDED ENTRY ELEMENTS (KOHA) | |
| Source of classification or shelving scheme | Library of Congress Classification |
| Item type | Monograph ( Printed materials) |
| Withdrawn status | Lost status | Source of classification or shelving scheme | Damaged status | Not for loan | Collection code | Home library | Current library | Shelving location | Date acquired | Total Checkouts | Full call number | Barcode | Date last seen | Price effective from | Koha item type |
|---|---|---|---|---|---|---|---|---|---|---|---|---|---|---|---|
| Library of Congress Classification | Main Collection | ARRUPE LIBRARY | ARRUPE LIBRARY | Main Collection | 30/01/2014 | BT1102.D269 1992 | 46412045 | 01/12/2016 | 30/01/2014 | Monograph ( Printed materials) |